000
00206 a2200097 4500
001
4872
100
_a
pRICE,w.j
245
_a
Nuclear radiation detection
260
_a
_b
Mcgrawhill
_c
090
_c
4063
_d
4063
942
_a
NUST-CAE
_c
M
_c
30338
999
_c
239945
_d
239945